Schweiz WM-Kader 2026 - Statistiken

Allgemein
  • Dieses Quiz wurde 17 mal gespielt
  • Das Durchschnittsergebnis liegt bei 18 aus 27
Antwortstatistiken
# Position Verein Spieler % Korrekt
Tor Borussia Dortmund Gregor Kobel
100%
Abwehr Borussia Mönchengladbach Nico Elvedi
88%
Mittelfeld AFC Sunderland Granit Xhaka
81%
Abwehr FSV Mainz 05 Silvan Widmer
81%
Abwehr Eintracht Frankfurt Aurèle Amenda
75%
Angriff Fortuna Düsseldorf Cedric Itten
75%
Mittelfeld SC Freiburg Johan Manzambi
75%
Abwehr Hamburger SV Miro Muheim
75%
- Trainer - Murat Yakin
75%
Angriff Stade Rennes Breel Embolo
69%
Angriff Nottingham Forest Dan Ndoye
69%
Abwehr VfB Stuttgart Luca Jaquez
69%
Abwehr Inter Mailand Manuel Akanji
69%
Angriff FC Sevilla Rubén Vargas
69%
Tor FC Lorient Yvon Mvogo
69%
Mittelfeld FC Sevilla Djibril Sow
63%
Abwehr FC Valencia Eray Cömert
63%
Mittelfeld FC Augsburg Fabian Rieder
63%
Angriff Leeds United Noah Okafor
63%
Mittelfeld FC Bologna Remo Freuler
63%
Mittelfeld AS Monaco Denis Zakaria
56%
Abwehr Betis Sevilla Ricardo Rodríguez
56%
Mittelfeld AC Mailand Ardon Jashari
50%
Angriff FC Burnley Zeki Amdouni
50%
Mittelfeld Young Boys Bern Christian Fassnacht
44%
Mittelfeld AC Pisa Michel Aebischer
44%
Tor Young Boys Bern Marvin Keller
38%
Keine übereinstimmenden Quizze gefunden
Verteilung der Resultate
Anzahl Personen mit jedem Resultat
Perzentil nach korrekt beantworteten Fragen
Ihre Resultats-Entwicklung
Sie haben dieses Quiz noch nicht gespielt